00599nam a2200181 i 4500001000300000100002600003245014200029260004700171300002500218650002200243655003000265700002400295020001500319040000800334041000800342080002600350008004100376bg1 aJones, Leod(1943- ). 0aInternational business English :bcommunication skills in English for business purposes : teacher's book /cLeo Jones, Richard Alexander. aCambridge :bCambridge Univ. Press,c1992. aVI, 313 s. ;c25 cm. 9aJęzyk angielski aPodręczniki akademickie1 aAlexander, Richard. a0521369592 cBPK apol a811.111(075.8):339.13 s pl f |000 0 pol